书目信息 |
| 题名: |
福建少林拳
|
|
| 作者: | 胡金焕 编 | |
| 分册: | ||
| 出版信息: | 福州 福建人民出版社 1983 |
|
| 页数: | 102页 | |
| 开本: | 19cm | |
| 丛书名: | 福建南拳丛书 | |
| 单 册: | ||
| 中图分类: | G852.15 | |
| 科图分类: | ||
| 主题词: | 少林拳--福建 | |
| 电子资源: | ||
| ISBN: | ||
| 000 | 00674nam2 2200253 45 | |
| 001 | 0183010999 | |
| 005 | 20060810171433.26 | |
| 010 | @dCNY0.42 | |
| 091 | @aCN@b7173.587 | |
| 100 | @a19950705d1983 em y0chiy0121 ea | |
| 101 | 0 | @achi |
| 102 | @aCN@b350000 | |
| 105 | @ay z 000yy | |
| 200 | 10 | @a福建少林拳@Afu jian shao lin quan@f胡金焕等编@Fhu jin huan deng bian |
| 210 | @a福州@c福建人民出版社@d1983 | |
| 215 | @a102页@d19cm | |
| 225 | 2 | @a福建南拳丛书 |
| 410 | 0 | @120010@a福建南拳丛书 |
| 606 | @a少林拳@y福建 | |
| 690 | @aG852.15@v3 | |
| 701 | 0 | @a胡金焕@Ahu jin huan@4编 |
| 801 | 2 | @aCN@bNLC@c20060810 |
| 801 | 0 | @aCN@bTSSF |
| 905 | @a10447@dG852.15@e129 | |
| 福建少林拳/胡金焕等编.-福州:福建人民出版社,1983 |
| 102页;19cm.-(福建南拳丛书) |
| ISBN :CNY0.42 |
| ● |
| 相关链接 |
|
|
|
|
正题名:福建少林拳
索取号:G852.15/129
 
预约/预借
| 序号 | 登录号 | 条形码 | 馆藏地/架位号 | 状态 | 备注 |
| 1 | 0454023 | 204540238 | 密集书库/ [索取号:G852.15/129] | 在馆 |